000 00311nam a22001217a 4500
008 230626b xxu||||| |||| 00| 0 eng d
082 _a332.1
_bCBK
100 _cCentral Bank of Kenya
245 _aStatistical Bulletin
_bDecember 2003
260 _bCentral Bank of Kenya
_c2003
300 _a80p
942 _2ddc
_cBK
999 _c2750
_d2750